| 000 | 00489nam a2200193Ia 4500 | ||
|---|---|---|---|
| 005 | 20230616105015.0 | ||
| 008 | 131103s9999 xx 000 0 und d | ||
| 040 | _aLoreto College | ||
| 041 | _aEnglish | ||
| 082 |
_a808.1 _bGIB |
||
| 100 | _aGibson, Walker | ||
| 245 |
_aPoems _b in the making _cWalker Gibson |
||
| 260 |
_aBoston _bHoughton Mifflin Co. _c1963 |
||
| 300 | _axii,244 p. | ||
| 650 | _aLiterature - | ||
| 651 | _aPoetry- Criticism - | ||
| 850 | _aLCLIB | ||
| 942 | _cBK | ||
| 999 |
_c629 _d51108 |
||